000 00536nam a2200217Ia 4500
003 OSt
005 20221005114636.0
006 a|||||r|||| 00| 0
007 ta
008 221004b |||||||| |||| 00| 0 eng d
024 _a115686
037 _cTextual
040 _aCRL
_cCRL
_beng
041 _2eng
_aeng
100 _aBacchan Harivansh rai
_9626302
245 0 _aBachan Rachnavali part I
260 _c1983
650 _aHINDI LITERATURE
_923866
942 _cTEXL
_2cc
999 _c1031975
_d1031975